000 00995pam a2200253 a 4500
020 _a0803960670 (cloth)
020 _a0803960689 (pbk.)
040 _cDLC
082 0 0 _a371 COR 1993 A021 Or.
100 1 _aGoldring, Ellen B.
245 1 0 _aPrincipals of dynamic schools :
_btaking charge of change /
260 _aNewbury Park, Calif. :
_bCorwin Press,
_cc1993.
300 _axviii, 178 p. ;
_c24 cm.
500 _a"A joint publication of the National Association of Secondary School Principals and Corwin Press."
650 0 _aSchool principals
650 0 _aSchool management and organization
650 0 _aEducational leadership
700 1 _aRallis, Sharon F.
710 2 _aNational Association of Secondary School Principals (U.S.)
856 4 2 _uhttp://www.loc.gov/catdir/enhancements/fy0655/93015409-d.html
856 4 1 _uhttp://www.loc.gov/catdir/enhancements/fy0655/93015409-t.html
856 4 2 _uhttp://www.loc.gov/catdir/enhancements/fy0734/93015409-b.html
942 _cEK
999 _c12639
_d12639